| Поле | Инд. | ПП | Название | Значение |
|---|---|---|---|---|
| Тип записи | a | |||
| Библиографический уровень | a | |||
| 001 | Контрольный номер | RU/IS/BASE/431009088 | ||
| 005 | Дата корректировки | 20180409143413.7 | ||
| 020 | a | ISBN | 978-5-7609-0560-4 | |
| 040 | a | Служба первич. каталог. | НБ ТвГУ | |
| b | Код языка каталог. | rus | ||
| e | Правила каталог. | PSBO | ||
| 041 | 0_ | a | Код языка текста | rus |
| 098 | b | Факультет | Физико-технический | |
| c | Кафедра | теоретической физики | ||
| 245 | 10 | a | Заглавие | Компьютерное моделирование самосборки нанопровода на макромолекулах ДНК |
| 260 | a | Место издания | Тверь | |
| b | Издательство | Тверской государственный университет | ||
| c | Дата издания | 2011 | ||
| 504 | a | Библиография | Библиогр.: с. 104-105 | |
| 520 | 0_ | a | Аннотация | Методом Монте-Карло исследуются условия самосборки нанопровода на матрице ДНК в водном растворе. Металлическое покрытие формируется в результате электростатического взаимодействия отрицательно заряженных групп молекулы-матрицы и положительно заряженных функцианализованных наночастиц золота. Оцениваются параметры, при которых в результате самосборки получается непрерывное металлическое покрытие. |
| 653 | 0_ | a | Ключевые слова | Наноматериалы |
| 653 | 1_ | a | Ключевые слова | Нанопровод |
| 653 | 1_ | a | Ключевые слова | Компьютерное моделирование |
| 653 | 1_ | a | Ключевые слова | Самосборка нанопровода ДНК |
| 653 | 1_ | a | Ключевые слова | Метод Монте-Карло |
| 653 | 1_ | a | Ключевые слова | Потенциал Гупта |
| 653 | 1_ | a | Ключевые слова | Поллупроводники |
| 653 | 1_ | a | Ключевые слова | Труды Тверского государственного университета |
| 700 | 1_ | a | Другие авторы | Комаров, Павел Вячеславович |
| q | Полное имя | Комаров, П. В. | ||
| 700 | 1_ | a | Другие авторы | Крутилин, Павел Сергеевич |
| q | Полное имя | Крутилин, П. С. | ||
| 700 | 1_ | a | Другие авторы | Жеренкова, Любовь Витальевна |
| q | Полное имя | Жеренкова, Л. В. | ||
| 700 | 1_ | a | Другие авторы | Сдобняков, Николай Юрьевич |
| q | Полное имя | Сдобняков, Н. Ю. | ||
| 700 | 1_ | a | Другие авторы | Соколов, Денис Николаевич |
| q | Полное имя | Соколов, Д. Н. | ||
| 773 | 08 | w | Контрольный № источника | RU/IS/BASE/392298609 |
| t | Название источника | Физико-химические аспекты изучения кластеров, наноструктур и наноматериалов | ||
| d | Место и дата издания | Тверь : Тверской государственный университет, 2011 | ||
| g | Прочая информация | Вып. 3. - С. 96-105 | ||
| 856 | 40 | u | URL | http://texts.lib.tversu.ru/texts/11501t.pdf |
| x | Примечание для ЭОР | Справка УИС 2016 | ||
| i | Дата подключения ЭОР | 20170412 | ||
| x | Примечание для ЭОР | Реестр суммарного учета сетевых локальных документов | ||
| 900 | a | Имя макрообъекта | 11501t | |
| 901 | t | Тип документа | a | |
| 920 | a | Оператор | Корж |